000 01022nam a22003017a 4500
003 CHAP
005 20220329143807.0
008 110826s1964 is r 00010 spa d
010 _a101948
011 _a102920
035 _a113609
040 _cCHAP
090 _aFolleto 18034
100 0 0 _aWeitz, Raanán.
_9121406
245 1 3 _aLos problemas económicos, de organización y sociales de las chacras familiares
_c/por Raanán Weitz
260 _aHerzelía, Israel :
_bEstado de Israel :
_bOEA,
_c1964
300 _a28 p.
590 _aBATCH-UPD
_b10
_c20130110
_lUCH01
_h1143
590 _aBATCH-UPD
_b10
_c20130410
_lUCH01
_h0729
590 _aBATCH-UPD
_b10
_c20130914
_lUCH01
_h0034
590 _aCONVERSION
_b10
_c20130109
_lUCH01
_h1356
650 1 4 _aAgricultura doméstica.
_92000
650 1 4 _aAgricultura
_xAspectos economicos
_xIsrael.
_91261
650 1 4 _aOrganización de productores.
_983544
901 _aBK
942 _cFOLL
949 _aFolleto 18034
_bBC
_cFOLL
_d33724002306488
_eTS1
_gDonaciØn
_i113609
_sb
999 _c101948
_d101948